NLSUI OPAC header image

Human development report 2000 (Record no. 16684)

MARC details
000 -LEADER
fixed length control field 01284nam a2200229Ia 4500
003 - CONTROL NUMBER IDENTIFIER
control field OSt
005 - DATE AND TIME OF LATEST TRANSACTION
control field 20210920103536.0
008 - FIXED-LENGTH DATA ELEMENTS--GENERAL INFORMATION
fixed length control field 160316s2000 xxu||||| |||| 00| 0 eng d
020 ## - INTERNATIONAL STANDARD BOOK NUMBER
International Standard Book Number 9780195219159
040 ## - CATALOGING SOURCE
Transcribing agency n
082 ## - DEWEY DECIMAL CLASSIFICATION NUMBER
Classification number 338.900000
Item number UND-2
100 ## - MAIN ENTRY--PERSONAL NAME
Personal name U N D P
245 ## - TITLE STATEMENT
Title Human development report 2000
260 ## - PUBLICATION, DISTRIBUTION, ETC.
Place of publication, distribution, etc. Delhi
Name of publisher, distributor, etc. Oxoford University Press
Date of publication, distribution, etc. 2000
300 ## - PHYSICAL DESCRIPTION
Extent 290p
365 ## - TRADE PRICE
Price amount Rs.425
505 ## - FORMATTED CONTENTS NOTE
Formatted contents note Contents: <br/>Overview: Deepening democracy in a fragmented world;<br/>The state and progress of human development;<br/>Democratic goverance for human development;<br/>Deepening democracy by tackling democratic deficits;<br/>Democratizing security to prevent conflict and build peace;<br/>Deepening democracy at the global level;<br/>Special contributions;<br/>[Introduction] / Kofi Annan;<br/>Human development and human dignity / Aung San Suu Kyi;<br/>The world's future belongs to democracy / Seyyed Mohammad Khatami;<br/>Democratic governance in Africa / Abdoulaye Wade;<br/>Eliminating landmines in wartorn societies / Jody Williams;<br/>The role of Jubilee 2000 in debt relief / Bono;<br/>Human development indicators.
650 ## - SUBJECT ADDED ENTRY--TOPICAL TERM
Topical term or geographic name entry element 1.Human Development Report- 2000
700 ## - ADDED ENTRY--PERSONAL NAME
Personal name
--
856 ## - ELECTRONIC LOCATION AND ACCESS
Uniform Resource Identifier <a href="http://hdr.undp.org/sites/default/files/reports/261/hdr_2000_en.pdf">http://hdr.undp.org/sites/default/files/reports/261/hdr_2000_en.pdf</a>
942 ## - ADDED ENTRY ELEMENTS (KOHA)
Source of classification or shelving scheme Dewey Decimal Classification
Koha item type BOOKs
Holdings
Withdrawn status Lost status Damaged status Not for loan Home library Current library Shelving location Date acquired Cost, normal purchase price Total Checkouts Full call number Barcode Date last seen Price effective from Koha item type
        . . NAB Compactor 30.05.2017 425.00   338.9 UND-2 16444 30.05.2017 30.05.2017 BOOKs